| 000 | 00672nam a2200217 i 4500 | ||
|---|---|---|---|
| 001 | 88985 | ||
| 003 | ES-MaACL | ||
| 005 | 20230906180013.0 | ||
| 007 | t| | ||
| 008 | 050121s2003 sp ||||1| spa d | ||
| 020 | _a84-8432-483-4 | ||
| 080 | _a94/96-015 | ||
| 245 | 0 | 3 |
_aEl Mediterráneo en la historia / _ctextos de Oliver Rackham ... et al. [etc.] ; editado por David Abulafia. |
| 260 |
_a[S.l.] : _bCrítica, _c[2003] |
||
| 300 |
_a320 p. : _bil. ; _c29 cm. |
||
| 651 | 4 |
_aMediterráneo (Región)- _xHistoria. _99047 |
|
| 700 | 1 |
_aRackham, Oliver. _994895 |
|
| 700 | 1 |
_aAbulafia, David, _918194 |
|
| 852 |
_aES-MaACL _jL-28595 _bR.134643 |
||
| 999 |
_c88985 _d88985 |
||